Countries by Emoji - Statistics

General Stats
  • This quiz has been taken 168 times
    135 since last reset
  • The average score is 10 of 19
Answer Stats
Hint Answer % Correct
🧊🏝 Iceland
85%
πŸ¦ƒ Turkey
84%
🌢 Chile
81%
πŸ³πŸ…°Ma Panama
81%
πŸ₯«πŸ…°da Canada
80%
β„ΉπŸƒπŸΌβ€β™€οΈ Iran
78%
JπŸ…°πŸ³ Japan
77%
πŸ˜ πŸ…°β›½πŸš— Madagascar
69%
πŸ€πŸ Ireland
67%
πŸ€–πŸ¦’πŸ…° Botswana
65%
πŸ‘¨β€πŸ‘©β€πŸ‘¦β€πŸ‘¦πŸ‘‘πŸ° UK
55%
🐟🏝 Finland
47%
✝ Vatican
38%
πŸ”πŸ˜‹ Hungary
32%
πŸ”³πŸ…° Cuba
27%
πŸ’ˆπŸ Poland
24%
SπŸ’€πŸ”ͺ🩸 Spain
22%
➑-⏳or East-timor
21%
βž–πŸ’§ Bahrain
5%
No matching quizzes found
Score Distribution
Percent of People with Each Score
Percentile by Number Answered
Your Score History
You have not taken this quiz since the last reset